Cryptanalysis of shift-register generated stream cipher systems with computer programs and exercises for the student (Record no. 188775)
[ view plain ]
| 000 -LEADER | |
|---|---|
| fixed length control field | 00966 a2200181 4500 |
| 003 - CONTROL NUMBER IDENTIFIER | |
| control field | Nust |
| 005 - DATE AND TIME OF LATEST TRANSACTION | |
| control field | 20170207153549.0 |
| 020 ## - INTERNATIONAL STANDARD BOOK NUMBER | |
| International Standard Book Number | 089412062X |
| 040 ## - CATALOGING SOURCE | |
| Transcribing agency | Nust |
| 082 ## - DEWEY DECIMAL CLASSIFICATION NUMBER | |
| Classification number | 005.82 |
| 100 ## - MAIN ENTRY--PERSONAL NAME | |
| Personal name | Barker, Wayne G. |
| 245 ## - TITLE STATEMENT | |
| Title | Cryptanalysis of shift-register generated stream cipher systems with computer programs and exercises for the student |
| Statement of responsibility, etc. | Wayne G. Barker |
| 260 ## - PUBLICATION, DISTRIBUTION, ETC. | |
| Place of publication, distribution, etc. | Aegean Park Press |
| Name of publisher, distributor, etc. | USA |
| Date of publication, distribution, etc. | 1984 |
| 300 ## - PHYSICAL DESCRIPTION | |
| Extent | ix, 245 p |
| 505 ## - FORMATTED CONTENTS NOTE | |
| Formatted contents note | Generating A Keying Sequence Page 1, Decipherment And Decipherment Using Binary Keying Sequences Page 13, Finding The Length Of The Register And Identifying Two Tied-Together Stages-Without Limitation On The Stages Page 39.Analysis Of A Plabit Text Page 48, Transposed Plabit Text-I Page 58, Transposed Plabit Text Text –II Page 67, Key Generation With Five Registers Page 79, A Five –Register Key Generator Using Decimal Number Ciphering Page 92. |
| 538 ## - SYSTEM DETAILS NOTE | |
| System details note | Almirah No.22 Shelf No.2 |
| 650 ## - SUBJECT ADDED ENTRY--TOPICAL TERM | |
| Topical term or geographic name entry element | Acryptographics Series |
| 942 ## - ADDED ENTRY ELEMENTS (KOHA) | |
| Koha item type | Reference |
| Withdrawn status | Lost status | Source of classification or shelving scheme | Damaged status | Not for loan | Collection code | Permanent Location | Current Location | Date acquired | Total Checkouts | Full call number | Barcode | Date last seen | Price effective from | Koha item type |
|---|---|---|---|---|---|---|---|---|---|---|---|---|---|---|
| Military College of Signals (MCS) | Military College of Signals (MCS) | 12/12/2016 | 005.82 BAR | MCS27502 | 12/08/2016 | 12/12/2016 | Book |
